El Futuro de la administración local y el papel de los gobiernos locales intermedios /
MARC
| LEADER | 00000nam a22000004i 4500 | ||
|---|---|---|---|
| 001 | 26314 | ||
| 005 | 20260324181131.0 | ||
| 008 | 171003t2017 sp d||||r|||||0|| 0 spa|c | ||
| 017 | |a DL M-23823-2017 |b Oficina DL Madrid | ||
| 020 | |a 9788494379352 | ||
| 080 | |a Bib-841 | ||
| 090 | |a KKT2920 |b .F88 2017 | ||
| 245 | 0 | 3 | |a El Futuro de la administración local y el papel de los gobiernos locales intermedios / |c Luciano Parejo Alfonso (dir.) ; Antonio Arroyo Gil (coord.) ; [autors]: Concepción Barrero Rodríguez [i 14 més] |
| 264 | 1 | |a Madrid : |b Fundación Democracia y Gobierno Local, |c 2017 | |
| 300 | |a 559 pàgines : |b gràfics, taules ; |c 24 cm | ||
| 336 | |a text |b txt |2 rdacontent | ||
| 337 | |a sense mediació |b n |2 rdamedia | ||
| 338 | |a volum |b nc |2 rdacarrier | ||
| 490 | 1 | |a Claves. Serie Claves de Gobierno Local ; |v 22 | |
| 650 | 0 | |a Administració local |z Espanya |9 37433 | |
| 650 | 0 | |a Diputacions provincials |2 Arxiu |9 44836 | |
| 650 | 0 | |a Municipis |2 Arxiu |9 23379 |x Govern i administració |x Espanya | |
| 700 | |a Parejo Alfonso, Luciano |e editor literari |9 37265 | ||
| 700 | |a Arroyo Gil, Antonio |e editor literari |9 51128 | ||
| 700 | |a Barrero Rodríguez, Concepción |e autor |9 1897 | ||
| 710 | 2 | |a Fundació Democràcia i Govern Local |e entitat editora |9 52936 | |
| 830 | |a Serie claves del gobierno local |v 22 |9 53979 | ||
| 908 | |a BPC |a UB |a UPF |a BCNexplor@ | ||
| 940 | |a BPC | ||
| 942 | |2 udc |c ARXIU |n 1 | ||
| 952 | |0 0 |1 0 |4 0 |6 BIB841 |7 1 |9 62851 |a Arxiu |b Arxiu |d 2022-07-22 |o Bib-841 |p 26314 |r 2022-07-22 00:00:00 |w 2022-07-22 |y ARXIU | ||
| 999 | |c 82318 |d 82318 | ||